| 000 | 00691nam a2200217 a 4500 | ||
|---|---|---|---|
| 005 | 20210219160455.0 | ||
| 008 | 081109s1991 mx r 000 0 spa d | ||
| 020 | _a2857043619 | ||
| 035 | _aUPN01000166287 | ||
| 049 | _aUNE | ||
| 080 | _a917 (72) =40 "1991" STE. | ||
| 100 | 1 | _aStephens, John Lloyd | |
| 245 | 1 | 0 |
_aAventures de voyage en pays Maya : _bCopán, 1839 / _cJohn Lloyd Stephens. |
| 260 |
_aParis : _bpygmalion/ Gérard Watelet; _bUNESCO, _c1991. |
||
| 300 |
_a306 p. ; _bil. |
||
| 440 | 0 | _aCollection UNESCO d' oeuvres représentatives; série ibéro-américaine | |
| 690 | _aViajes | ||
| 690 | _aObras literarias representativas | ||
| 690 | _aMéxico | ||
| 905 | _aUNESCO | ||
| 999 |
_c138399 _d138399 |
||